000 004550000a22001570004500
003 MACL
005 20170707165850.0
008 170707b xxu||||| |||| 00| 0 eng d
040 _cmacl
100 _a आनन्‍द, मधुसूदन
_968102
245 _a जो सामने है
260 _b सामयिक प्रकाशन
_c2008
350 _a200
650 _a लिटरेचर,
_955473
942 _cHIN
_k800/ANA
_2ddc
999 _c41974
_d41974